[Event "Regionalliga SO 0607"]
[Site "Bayern"]
[Date "2007.02.04"]
[Round "5.7"]
[White "Huber, Edwin"]
[Black "Trapp, Sascha"]
[Result "1-0"]
[WhiteElo "2024"]
[BlackElo "1902"]
[PlyCount "45"]
[EventDate "2006.10.15"]
[EventType "team-tourn"]
[EventRounds "9"]
[EventCountry "GER"]
[SourceTitle "EXT 2008"]
[Source "ChessBase"]
[SourceDate "2007.11.25"]
[SourceVersion "1"]
[SourceVersionDate "2007.11.25"]
[SourceQuality "1"]
[WhiteTeam "Ilmmuenster"]
[BlackTeam "Freising"]
[WhiteTeamCountry "GER"]
[BlackTeamCountry "GER"]

1. d4 Nf6 2. Nc3 d5 3. e4 dxe4 4. f3 exf3 5. Nxf3 e6 6. Bg5 Be7 7. Bd3 Nbd7 8. Qd2 c6 9. 0-0 0-0 10. Kh1 a6 11. Qf4 Re8 12. Ne5 h6 13. Bxh6 gxh6 14. Qxh6 Bf8 15. Qh4 Bg7 16. Rf3 Kf8 17. Raf1 Ke7 18. Ne4 Rh8 19. Qg5 Bh6 20. Qh5 Nxe5 21. Qxe5 Bg7 22. Qg5 Qc7 23. h3 1-0

[Event "Seebach op 16th"]
[Site "Grossenseebach"]
[Date "2005.05.28"]
[Round "5"]
[White "Trapp, Sascha"]
[Black "Meier, Peter1111"]
[Result "1-0"]
[WhiteElo "1992"]
[BlackElo "1610"]
[PlyCount "65"]
[EventDate "2005.05.26"]
[EventType "swiss"]
[EventRounds "7"]
[EventCountry "GER"]
[SourceTitle "EXT 2018"]
[Source "ChessBase"]
[SourceDate "2017.10.13"]
[SourceVersion "1"]
[SourceVersionDate "2017.10.13"]
[SourceQuality "1"]

1. e4 c5 2. Nf3 Nc6 3. d4 cxd4 4. Nxd4 Nf6 5. Nc3 e6 6. Ndb5 d5 7. exd5 Nxd5 8. Nxd5 exd5 9. Qxd5 Bb4+ 10. c3 Qe7+ 11. Be3 Be6 12. Qg5 f6 13. Qf4 g5 14. Qg3 Ba5 15. Be2 Kf7 16. 0-0 Ne5 17. Bh5+ Ng6 18. Rfe1 Kg7 19. Nd4 Bb6 20. Bxg5 Bxd4 21. cxd4 Qd7 22. Qe3 fxg5 23. Bxg6 hxg6 24. Qxe6 Qxe6 25. Rxe6 Rhe8 26. Rae1 Kf7 27. Rxe8 Rxe8 28. Rxe8 Kxe8 29. f3 Kd7 30. Kf2 Kd6 31. Ke3 Kd5 32. Kd3 b5 33. b4 1-0

[Event "Seebach op 16th"]
[Site "Grossenseebach"]
[Date "2005.05.26"]
[Round "2"]
[White "Trapp, Sascha"]
[Black "Koch, Moritz"]
[Result "1/2-1/2"]
[WhiteElo "1992"]
[BlackElo "2240"]
[PlyCount "74"]
[EventDate "2005.05.26"]
[EventType "swiss"]
[EventRounds "7"]
[EventCountry "GER"]
[SourceTitle "EXT 2018"]
[Source "ChessBase"]
[SourceDate "2017.10.13"]
[SourceVersion "1"]
[SourceVersionDate "2017.10.13"]
[SourceQuality "1"]

1. e4 c5 2. Nf3 Nc6 3. d4 cxd4 4. Nxd4 Nf6 5. Nc3 e5 6. Ndb5 d6 7. Bg5 a6 8. Na3 b5 9. Bxf6 gxf6 10. Nd5 f5 11. c3 Bg7 12. exf5 Bxf5 13. Nc2 0-0 14. Nce3 Be6 15. Bd3 f5 16. Qh5 e4 17. Bc2 Ne7 18. Rd1 b4 19. Nxb4 a5 20. Nbd5 Nxd5 21. Nxd5 Rb8 22. Bb3 a4 23. Nf4 Bxb3 24. axb3 Rxb3 25. Ne6 Qe8 26. Nxg7 Kxg7 27. Qe2 Qg6 28. 0-0 Rfb8 29. Qa6 R8b6 30. Qxa4 Rxb2 31. Qd7+ Kh6 32. Qe7 R2b5 33. Qh4+ Kg7 34. Qe7+ Qf7 35. Qg5+ Qg6 36. Qe7+ Qf7 37. Qg5+ Qg6 1/2-1/2

[Event "GER-ch U18"]
[Site "Willingen"]
[Date "2004.05.30"]
[Round "3"]
[White "Trapp, Sascha"]
[Black "Mischke, Christian"]
[Result "1-0"]
[WhiteElo "1950"]
[BlackElo "1782"]
[PlyCount "97"]
[EventDate "2004.06.??"]
[EventType "swiss"]
[EventRounds "9"]
[EventCountry "GER"]
[SourceTitle "EXT 2005"]
[Source "ChessBase"]
[SourceDate "2004.11.15"]
[SourceVersion "1"]
[SourceVersionDate "2004.11.15"]
[SourceQuality "1"]

1. e4 c5 2. Nf3 e6 3. d4 cxd4 4. Nxd4 Nf6 5. Nc3 Bb4 6. e5 Nd5 7. Bd2 Bxc3 8. bxc3 Qc7 9. f4 a6 10. Qf3 d6 11. exd6 Qxd6 12. Bd3 0-0 13. 0-0 Bd7 14. f5 e5 15. Ne2 Bc6 16. Qf2 Nd7 17. Kh1 Nc5 18. Ng3 Nxd3 19. cxd3 Nf4 20. Bxf4 exf4 21. Qxf4 Qxd3 22. f6 Qg6 23. fxg7 Qxg7 24. Rf2 Rfe8 25. Nh5 Qxc3 26. Qxf7+ Kh8 27. Raf1 Rg8 28. Ng3 Raf8 29. Qxf8 Rxf8 30. Rxf8+ Kg7 31. R8f7+ Kg6 32. Ne2 Qd2 33. R1f6+ Kg5 34. h4+ Kxh4 35. Rf4+ Kg5 36. Rg7+ Kh6 37. Rg3 Qxe2 38. Rh4+ Qh5 39. Rxh5+ Kxh5 40. Kg1 Bd5 41. a3 a5 42. Re3 Kg6 43. Re5 Bc4 44. Rxa5 b5 45. Kf2 Kf5 46. a4 Ke4 47. axb5 Kd5 48. b6+ Kc6 49. Rc5+ 1-0

[Event "Augsburg Afro op"]
[Site "Augsburg"]
[Date "2003.08.09"]
[Round "5"]
[White "Schuetz, Guenter"]
[Black "Trapp, Sascha"]
[Result "1/2-1/2"]
[WhiteElo "2144"]
[BlackElo "1861"]
[PlyCount "152"]
[EventDate "2003.08.06"]
[EventType "swiss"]
[EventRounds "7"]
[EventCountry "GER"]
[SourceTitle "EXT 2006"]
[Source "ChessBase"]
[SourceDate "2005.11.24"]
[SourceVersion "1"]
[SourceVersionDate "2005.11.24"]
[SourceQuality "1"]

1. f4 c5 2. Nf3 g6 3. g3 Bg7 4. Bg2 Nc6 5. d3 d6 6. 0-0 Nf6 7. Nc3 0-0 8. a4 Rb8 9. Nh4 Bd7 10. f5 a6 11. fxg6 hxg6 12. Bg5 b5 13. axb5 axb5 14. Qc1 Nd4 15. Qd2 b4 16. Nd5 Nxd5 17. Bxd5 Ne6 18. Bxe6 Bxe6 19. Ra7 Re8 20. Bh6 Ra8 21. Bxg7 Kxg7 22. Rxa8 Qxa8 23. Qg5 Qd5 24. Qxd5 Bxd5 25. Ra1 Ra8 26. Rxa8 Bxa8 27. Kf2 Bc6 28. c3 bxc3 29. bxc3 f5 30. Ke3 Kf6 31. Nf3 e6 32. Nd2 e5 33. d4 cxd4+ 34. cxd4 Bd5 35. Nb1 g5 36. Na3 f4+ 37. gxf4 exf4+ 38. Kf2 Be4 39. Nb5 d5 40. e3 fxe3+ 41. Kxe3 Ke6 42. Nc3 Bg2 43. Kf2 Bh1 44. Kg3 Kf5 45. Nd1 Be4 46. Ne3+ Kg6 47. Kg4 Kf6 48. Nd1 Bf5+ 49. Kh5 Be4 50. Kg4 Bf5+ 51. Kg3 Be4 52. Nc3 Kf5 53. Nb5 Bh1 54. Nc3 Be4 55. h3 Bh1 56. Nd1 Be4 57. Ne3+ Kg6 58. h4 gxh4+ 59. Kxh4 Kh6 60. Kg4 Kg6 61. Kf4 Kf6 62. Ng4+ Ke6 63. Kg5 Bb1 64. Ne3 Be4 65. Nd1 Bd3 66. Nb2 Bc2 67. Kf4 Kf6 68. Ke3 Kf5 69. Kd2 Be4 70. Kc3 Ke6 71. Na4 Kd6 72. Kb4 Kc6 73. Nc5 Bh1 74. Ka5 Bg2 75. Na6 Bh1 76. Nb4+ Kd6 1/2-1/2